Music Quiz

Random Music or Song Quiz
Score 0/23 Timer 03:00
0 Plays Today
% Correct
Sinead O'Connor - 'Nothing Compares 2 U'
67.4%
James Taylor - 'You've Got a Friend'
64.5%
Aretha Franklin - 'Respect'
63.4%
Janis Joplin - 'Me and Bobby McGee'
60.1%
Patsy Cline - 'Crazy'
57.4%
Monkees - 'I'm a Believer'
57.3%
Rolling Stones - 'I Wanna Be Your Man'
55%
Kenny Rogers/Dolly Parton - 'Islands in the Stream'
48.1%
Kenny Rogers - 'Lady'
47%
Cee Lo Green - 'F*** You'
28.4%
Dr. Dre - 'Still D.R.E.'
28%
Madonna - 'Justify My Love'
25.2%
% Correct
Rihanna - 'Diamonds'
23.6%
Ariana Grande - 'Just a Little Bit of Your Heart'
21.5%
Usher - 'OMG'
20.5%
Kelly Clarkson - 'Breakaway'
20%
Adam Lambert - 'Whataya Want From Me'
17.8%
Brittney Spears - 'Til the World Ends'
16.6%
Beyonce - 'Irreplaceable'
13.2%
Usher - 'U Don't Have to Call'
12.6%
Whitney Houston - 'I Look To You'
12.3%
Alicia Keys - 'You Don't Know My Name'
9.1%
Jennifer Lopez - 'Invading My Mind'
7.3%
Remove Ads.
Support Sporcle.
Get the best of Sporcle when you Go Orange. This ad-free experience offers more features, more stats, and more fun while also helping to support Sporcle. Thank you for becoming a member.

You're not logged in!

Compare scores with friends on all Sporcle quizzes.
OR
Log In

Show Comments

Extras

Top Quizzes Today


Score Distribution

Your Account Isn't Verified!

In order to create a playlist on Sporcle, you need to verify the email address you used during registration. Go to your Sporcle Settings to finish the process.

Report this User

Report this user for behavior that violates our Community Guidelines.

Details: